All the retired numbers from the Canadiens NHL - Statistics

General Stats
  • This quiz has been taken 22 times
  • The average score is 13 of 19
Answer Stats
Hint Answer % Correct
4 Béliveau
100%
9 Richard
100%
16 Richard
100%
10 Lafleur
93%
33 Roy
93%
29 Dryden
87%
1 Plante
87%
19 Robinson
87%
99 Gretzky
73%
12 Cournoyer
67%
5 Geoffrion
67%
18 Savard
67%
3 Bouchard
53%
23 Gainey
47%
2 Harvey
47%
7 Morenz
47%
16 Lach
40%
5 Lapointe
40%
12 Moore
27%
No matching quizzes found
Score Distribution
Percent of People with Each Score
Percentile by Number Answered
Your Score History
You have not taken this quiz